000 00738nam a2200229 a 4500
001 21539
003 CO-ViMGA
008 141112s2004 ck r 000 u spa d
020 _a8440694628
040 _aCO-ViMGA
_bspa
_cCO-ViMGA
082 0 4 _aI 741.5 W177f
100 1 _aWatterson, Bill
_930758
245 1 0 _aFelino maníaco homicida
260 _aBarcelona :
_bGrupo Z,
_c1994
300 _a70
590 _aForma de adquisición : Donación fact. 8849 - - Precio : 48000 - - Proveedor : Fundación exito - - Fecha de adquisición : Junio 2007
650 1 4 _aCARICATURAS
_913803
650 1 4 _aDIBUJOS ANIMADOS
_913804
650 1 4 _aHUMORISMO GRAFICO
_919546
650 1 4 _aTIRAS COMICAS, ILUSTRACIONES, ETC
_930759
942 _2ddc
_cBK
999 _c30125
_d30125